[Event "San Francisco TNM Spring op"]
[Site "San Francisco"]
[Date "2013.04.10"]
[Round "4"]
[White "Cox, Hank"]
[Black "Ramachandran, Jayakrishnan"]
[Result "0-1"]
[WhiteElo "1620"]
[BlackElo "1843"]
[PlyCount "76"]
[EventDate "2013.03.19"]
[EventType "swiss"]
[EventRounds "8"]
[EventCountry "USA"]
[SourceTitle "EXT 2016"]
[Source "ChessBase"]
[SourceDate "2015.10.08"]
[SourceVersion "1"]
[SourceVersionDate "2015.10.08"]
[SourceQuality "1"]

1. d4 Nf6 2. c4 e6 3. Nf3 d5 4. Nc3 Nbd7 5. Bg5 Be7 6. e3 0-0 7. cxd5 exd5 8. Qc2 c6 9. Bd3 h6 10. h4 Re8 11. 0-0-0 b5 12. Rdg1 Bb7 13. g4 b4 14. Bxh6 bxc3 15. g5 Ne4 16. g6 f5 17. Bf4 cxb2+ 18. Kb1 Qa5 19. Bxe4 fxe4 20. Ng5 Nb6 21. h5 Nc4 22. Qd1 Qb4 23. Qb3 Nd2+ 24. Kxb2 Nxb3 25. axb3 Qd2+ 26. Ka1 Bb4 27. Rc1 Ba6 28. h6 gxh6 29. Nf7 Bd3 30. Nxh6+ Kf8 31. g7+ Ke7 32. g8N+ Rxg8 33. Nf5+ Kd8 34. Bd6 Bc3+ 35. Rxc3 Qxc3+ 36. Ka2 Bc2 37. Bc7+ Kxc7 38. Rh7+ Kb6 0-1

[Event "San Francisco TNM Winter op"]
[Site "San Francisco"]
[Date "2012.01.03"]
[Round "1"]
[White "Harris, Clarence"]
[Black "Ramachandran, Jayakrishnan"]
[Result "0-1"]
[WhiteElo "1336"]
[BlackElo "1791"]
[PlyCount "30"]
[EventDate "2012.01.03"]
[EventType "swiss"]
[EventRounds "8"]
[EventCountry "USA"]
[SourceTitle "EXT 2014"]
[Source "ChessBase"]
[SourceDate "2013.11.20"]
[SourceVersion "1"]
[SourceVersionDate "2013.11.20"]
[SourceQuality "1"]

1. e4 e5 2. Nf3 Nc6 3. Bb5 a6 4. Bxc6 dxc6 5. 0-0 Bg4 6. h3 Bxf3 7. gxf3 Nf6 8. d3 Be7 9. Be3 Qd7 10. Kg2 Rd8 11. Nd2 Nh5 12. Nc4 Qe6 13. Bd2 b5 14. Na5 Bb4 15. Bxb4 Nf4+ 0-1

[Event "San Francisco TNM Spring op"]
[Site "San Francisco"]
[Date "2011.04.12"]
[Round "5"]
[White "MacIntyre, Brendan"]
[Black "Ramachandran, Jayakrishnan"]
[Result "1/2-1/2"]
[WhiteElo "1646"]
[BlackElo "1852"]
[PlyCount "83"]
[EventDate "2011.03.15"]
[EventType "swiss"]
[EventRounds "8"]
[EventCountry "USA"]
[SourceTitle "EXT 2012"]
[Source "ChessBase"]
[SourceDate "2011.11.24"]
[SourceVersion "1"]
[SourceVersionDate "2011.11.24"]
[SourceQuality "1"]

1. d4 Nf6 2. c4 e6 3. Nc3 d5 4. e3 Nbd7 5. Nf3 b6 6. cxd5 exd5 7. Bd3 Bb7 8. 0-0 Be7 9. Re1 0-0 10. Qc2 a6 11. Ng5 h6 12. Nh7 Re8 13. Nxf6+ Nxf6 14. f3 b5 15. b3 c6 16. Bb2 Qb6 17. a4 Bb4 18. axb5 axb5 19. Rxa8 Rxa8 20. Ra1 Rxa1+ 21. Bxa1 Bd6 22. Ne2 Qc7 23. g3 Qa5 24. Bc3 Bb4 25. Qd2 Bxc3 26. Nxc3 Qa3 27. Qc2 Qa1+ 28. Nb1 Qa7 29. b4 Nd7 30. Nd2 Qa3 31. Qb1 Nb8 32. Qb3 Qc1+ 33. Nf1 Qe1 34. Qa3 Na6 35. Qa5 g6 36. Qd8+ Kg7 37. Qe7 Nxb4 38. Qe5+ Kg8 39. Qe8+ Kg7 40. Qe5+ Kf8 41. Qb8+ Kg7 42. Qe5+ 1/2-1/2

[Event "San Francisco TNM Winter op"]
[Site "San Francisco"]
[Date "2011.02.15"]
[Round "7"]
[White "MacIntyre, Brendan"]
[Black "Ramachandran, Jayakrishnan"]
[Result "0-1"]
[WhiteElo "1669"]
[BlackElo "1913"]
[PlyCount "116"]
[EventDate "2011.01.04"]
[EventType "swiss"]
[EventRounds "8"]
[EventCountry "USA"]
[SourceTitle "EXT 2012"]
[Source "ChessBase"]
[SourceDate "2011.11.24"]
[SourceVersion "1"]
[SourceVersionDate "2011.11.24"]
[SourceQuality "1"]

1. d4 Nf6 2. c4 e6 3. Nc3 d5 4. e3 Be7 5. Nf3 Nbd7 6. Bd3 0-0 7. 0-0 b6 8. cxd5 exd5 9. Qc2 Bb7 10. b3 a6 11. a4 g6 12. Ba3 Bxa3 13. Rxa3 Re8 14. b4 Ne4 15. Be2 Nd6 16. Qa2 Nf6 17. Ne5 Nde4 18. Rc1 Qd6 19. Nxe4 Nxe4 20. Bf3 Ng5 21. Rac3 Rec8 22. Qb3 Kg7 23. h4 Nxf3+ 24. Nxf3 f6 25. g4 Qd7 26. Nh2 b5 27. a5 c6 28. Qd1 Qe7 29. Rc5 h6 30. Qf3 Rf8 31. Qg3 g5 32. hxg5 hxg5 33. f4 Rae8 34. Kf2 Qe4 35. f5 Qd3 36. R5c3 Qd2+ 37. Kf1 Qb2 38. Qd6 Rf7 39. R1c2 Qb1+ 40. Kf2 Rfe7 41. Re2 Qe4 42. Qg3 Rh8 43. Nf3 Qb1 44. Qd6 Rf7 45. Ng1 Rh1 46. Re1 Qe4 47. Qg3 Rh4 48. Qf3 Rxg4 49. Qxe4 Rxe4 50. Nf3 Rc7 51. Rh1 Re8 52. Rcc1 Rh8 53. Kg3 Rcc8 54. Rh2 Rce8 55. Re1 Rxh2 56. Nxh2 Bc8 57. Kg4 Re4+ 58. Kh5 Rh4# 0-1

[Event "San Francisco TNM Winter op"]
[Site "San Francisco"]
[Date "2011.02.01"]
[Round "5"]
[White "Bertot, German"]
[Black "Ramachandran, Jayakrishnan"]
[Result "1-0"]
[WhiteElo "1563"]
[BlackElo "1913"]
[PlyCount "52"]
[EventDate "2011.01.04"]
[EventType "swiss"]
[EventRounds "8"]
[EventCountry "USA"]
[SourceTitle "EXT 2012"]
[Source "ChessBase"]
[SourceDate "2011.11.24"]
[SourceVersion "1"]
[SourceVersionDate "2011.11.24"]
[SourceQuality "1"]

1. d4 Nf6 2. c4 e6 3. Nf3 d5 4. Bg5 Nbd7 5. e3 Be7 6. Nc3 0-0 7. Bd3 c6 8. 0-0 Ne8 9. Bxe7 Qxe7 10. Qc2 g6 11. Rfe1 f5 12. cxd5 exd5 13. e4 fxe4 14. Nxe4 Ndf6 15. Neg5 Qg7 16. Qc5 Qc7 17. Re7 Qd6 18. Rae1 b6 19. Qc2 h6 20. Bxg6 hxg5 21. Nxg5 Ne4 22. Bh7+ Kh8 23. Nf7+ Rxf7 24. Rxf7 Be6 25. Rf3 Kxh7 26. Rfe3 N8f6 1-0

[Event "San Francisco TNM Fall op"]
[Site "San Francisco"]
[Date "2010.12.14"]
[Round "9"]
[White "Ramachandran, Jayakrishnan"]
[Black "Banik, Siddharth G"]
[Result "1/2-1/2"]
[WhiteElo "1898"]
[BlackElo "1753"]
[PlyCount "61"]
[EventDate "2010.10.20"]
[EventType "swiss"]
[EventRounds "9"]
[EventCountry "USA"]
[SourceTitle "EXT 2012"]
[Source "ChessBase"]
[SourceDate "2011.11.24"]
[SourceVersion "1"]
[SourceVersionDate "2011.11.24"]
[SourceQuality "1"]

1. e4 c5 2. Nf3 Nc6 3. d4 cxd4 4. Nxd4 g6 5. Nc3 Bg7 6. Be3 Nf6 7. Be2 d5 8. exd5 Nxd5 9. Nxd5 Qxd5 10. Bf3 Qc4 11. Nxc6 bxc6 12. Qd3 Qb4+ 13. c3 Qb7 14. 0-0 0-0 15. b4 Bf5 16. Qc4 Rac8 17. a4 Rfd8 18. Rfd1 Rxd1+ 19. Rxd1 Bc2 20. Ra1 a5 21. Ra2 Bf5 22. Rd2 axb4 23. cxb4 Be6 24. Qc5 Bd5 25. Be2 Be5 26. b5 Bd6 27. Qd4 e6 28. Rb2 Qc7 29. Qh4 cxb5 30. axb5 Qc3 31. Rb1 1/2-1/2

[Event "San Francisco TNM Summer op"]
[Site "San Francisco"]
[Date "2010.06.15"]
[Round "4"]
[White "Ramachandran, Jayakrishnan"]
[Black "Abraham, Renjish"]
[Result "1/2-1/2"]
[WhiteElo "1937"]
[BlackElo "1695"]
[PlyCount "88"]
[EventDate "2010.05.25"]
[EventType "swiss"]
[EventRounds "8"]
[EventCountry "USA"]
[SourceTitle "EXT 2012"]
[Source "ChessBase"]
[SourceDate "2011.11.24"]
[SourceVersion "1"]
[SourceVersionDate "2011.11.24"]
[SourceQuality "1"]

1. e4 c5 2. Nf3 d6 3. d4 cxd4 4. Nxd4 Nf6 5. Nc3 g6 6. g3 Bg7 7. Bg2 a6 8. 0-0 0-0 9. Re1 Bd7 10. h3 Nc6 11. Be3 Rc8 12. Nxc6 Bxc6 13. Rc1 Re8 14. Nd5 Nxd5 15. exd5 Bd7 16. Bd4 b5 17. Bxg7 Kxg7 18. Qd4+ Kg8 19. c4 bxc4 20. Rxc4 Rxc4 21. Qxc4 Qa5 22. Re3 Bb5 23. Qb3 Bd7 24. Qb7 Qb5 25. Qxb5 Bxb5 26. b3 Kf8 27. Rc3 e5 28. a4 Bd7 29. Rc7 Bf5 30. Bf1 Rc8 31. Rxc8+ Bxc8 32. Kg2 a5 33. Kf3 Bb7 34. Bc4 Ke7 35. Ke3 f5 36. Kd3 Kd7 37. Kc3 Kc7 38. b4 Kb6 39. Bb3 h6 40. Bc4 g5 41. Bb3 Bc8 42. Bc2 f4 43. h4 Bb7 44. hxg5 hxg5 1/2-1/2

[Event "San Francisco TNM Summer op"]
[Site "San Francisco"]
[Date "2010.05.25"]
[Round "2"]
[White "Bertot, German"]
[Black "Ramachandran, Jayakrishnan"]
[Result "0-1"]
[WhiteElo "1554"]
[BlackElo "1937"]
[PlyCount "100"]
[EventDate "2010.05.25"]
[EventType "swiss"]
[EventRounds "8"]
[EventCountry "USA"]
[SourceTitle "EXT 2012"]
[Source "ChessBase"]
[SourceDate "2011.11.24"]
[SourceVersion "1"]
[SourceVersionDate "2011.11.24"]
[SourceQuality "1"]

1. d4 Nf6 2. c4 e6 3. Bg5 d5 4. Nc3 Be7 5. Nf3 Nbd7 6. e3 0-0 7. Bd3 h6 8. Bh4 c6 9. 0-0 dxc4 10. Bxc4 Nd5 11. Bxe7 Qxe7 12. Nxd5 exd5 13. Bd3 Nf6 14. Qc2 Be6 15. Rac1 Rfc8 16. Ne5 Ng4 17. Nf3 Rc7 18. h3 Nf6 19. Ne5 Nd7 20. Nxd7 Qxd7 21. Bh7+ Kh8 22. Bd3 Rac8 23. b4 Qe7 24. Qc5 Qxc5 25. dxc5 Rd8 26. a3 f5 27. Rfd1 g5 28. Re1 Kg7 29. f4 Kf6 30. Rcd1 Rg8 31. Kf2 gxf4 32. exf4 Rcg7 33. Bf1 Rg3 34. Rd3 Rxd3 35. Bxd3 h5 36. Re3 h4 37. g3 hxg3+ 38. Rxg3 Rh8 39. Kg2 Rh4 40. Rf3 d4 41. Kg3 Rh7 42. Be2 Rd7 43. Kf2 Bd5 44. Rg3 Be4 45. Bd3 Rh7 46. Ke2 Rh4 47. a4 Rxf4 48. a5 Rh4 49. a6 Bxd3+ 50. Kxd3 bxa6 0-1

[Event "San Francisco TNM Summer op"]
[Site "San Francisco"]
[Date "2010.05.25"]
[Round "2"]
[White "Ramachandran, Jayakrishnan"]
[Black "Baturyn, Mikhail"]
[Result "1/2-1/2"]
[WhiteElo "1937"]
[BlackElo "2396"]
[PlyCount "70"]
[EventDate "2010.05.25"]
[EventType "swiss"]
[EventRounds "8"]
[EventCountry "USA"]
[SourceTitle "EXT 2012"]
[Source "ChessBase"]
[SourceDate "2011.11.24"]
[SourceVersion "1"]
[SourceVersionDate "2011.11.24"]
[SourceQuality "1"]

1. e4 Nf6 2. e5 Nd5 3. d4 d6 4. exd6 cxd6 5. Nf3 g6 6. Be2 Bg7 7. 0-0 0-0 8. Re1 Nc6 9. c3 e5 10. dxe5 dxe5 11. Bc4 Nb6 12. Qxd8 Rxd8 13. Bb5 Bg4 14. Be3 Nd5 15. Na3 Bxf3 16. gxf3 Nce7 17. Rad1 a6 18. Bf1 b5 19. Nc2 Nf5 20. c4 Ndxe3 21. fxe3 e4 22. fxe4 Nd6 23. cxb5 axb5 24. Nd4 Nxe4 25. Nxb5 Rxd1 26. Rxd1 Rxa2 27. Rd8+ Bf8 28. Nc3 Nxc3 29. bxc3 Kg7 30. Rd7 Ra4 31. Bb5 Ra1+ 32. Kf2 Ra2+ 33. Kg3 Bc5 34. Rxf7+ Kxf7 35. Bc4+ Kf6 1/2-1/2

[Event "San Francisco TNM Spring op"]
[Site "San Francisco"]
[Date "2010.04.20"]
[Round "6"]
[White "Ramachandran, Jayakrishnan"]
[Black "Palmeri, Ralph P"]
[Result "0-1"]
[WhiteElo "1932"]
[BlackElo "1718"]
[PlyCount "92"]
[EventDate "2010.03.16"]
[EventType "swiss"]
[EventRounds "8"]
[EventCountry "USA"]
[SourceTitle "EXT 2012"]
[Source "ChessBase"]
[SourceDate "2011.11.24"]
[SourceVersion "1"]
[SourceVersionDate "2011.11.24"]
[SourceQuality "1"]

1. e4 c5 2. Nf3 e6 3. d4 cxd4 4. Nxd4 Nc6 5. g3 Nf6 6. Bg2 Be7 7. 0-0 d6 8. Nc3 Bd7 9. Be3 0-0 10. h3 a6 11. Qd2 Qc7 12. f4 Rac8 13. Nde2 Rfd8 14. Na4 Qa5 15. Nec3 d5 16. Bb6 Qb4 17. a3 Qd6 18. e5 Nxe5 19. fxe5 Qxe5 20. Bxd8 Bxd8 21. b3 b5 22. Rae1 Qxg3 23. Rf3 Qd6 24. Nb2 Qxa3 25. Nbd1 Ba5 26. Qg5 h6 27. Qf4 Qc5+ 28. Kh1 Bc7 29. Qd2 b4 30. Na4 Qd6 31. Bf1 d4 32. Kg1 e5 33. Rd3 Bb8 34. Ndb2 Bf5 35. Nc4 Qe6 36. Rxd4 Ba7 37. Rxe5 Rxc4 38. Rxe6 Rxd4 39. Bd3 Rxd3+ 40. Qf2 Bxf2+ 41. Kxf2 Rd2+ 42. Ke3 Rxc2 43. Rxa6 Rh2 44. Kf4 Be6 45. Rb6 Rxh3 46. Rb8+ Kh7 0-1

[Event "San Francisco TNM Spring op"]
[Site "San Francisco"]
[Date "2010.04.13"]
[Round "5"]
[White "Olson, David L"]
[Black "Ramachandran, Jayakrishnan"]
[Result "0-1"]
[WhiteElo "1471"]
[BlackElo "1932"]
[PlyCount "71"]
[EventDate "2010.03.16"]
[EventType "swiss"]
[EventRounds "8"]
[EventCountry "USA"]
[SourceTitle "EXT 2012"]
[Source "ChessBase"]
[SourceDate "2011.11.24"]
[SourceVersion "1"]
[SourceVersionDate "2011.11.24"]
[SourceQuality "1"]

1. e4 d6 2. d4 Nf6 3. Bd3 e5 4. dxe5 dxe5 5. Nf3 Nc6 6. c3 Bg4 7. 0-0 Bd6 8. Nbd2 0-0 9. Qb3 Na5 10. Qc2 Nh5 11. h3 Be6 12. b4 Nc6 13. Nc4 Bxc4 14. Bxc4 Nf4 15. Nh2 Qg5 16. Bxf4 exf4 17. f3 a5 18. b5 Qc5+ 19. Kh1 Qxc4 20. bxc6 Qxc6 21. Rad1 Rfd8 22. Rd5 Be7 23. Rfd1 Bf6 24. c4 Rxd5 25. exd5 Qc5 26. Ng4 Be7 27. Re1 Bd6 28. Qe4 h5 29. Nf2 Qxf2 30. Re2 Qf1+ 31. Kh2 Bc5 32. Re1 Qf2 33. Qe5 Bd6 34. Qe4 Qxa2 35. Re2 Qa1 36. Qf5 0-1

[Event "San Francisco TNM Winter op"]
[Site "San Francisco"]
[Date "2010.02.09"]
[Round "6"]
[White "Ramachandran, Jayakrishnan"]
[Black "Standen, Julian"]
[Result "1/2-1/2"]
[WhiteElo "1945"]
[BlackElo "1733"]
[PlyCount "108"]
[EventDate "2010.01.05"]
[EventType "swiss"]
[EventRounds "8"]
[EventCountry "USA"]
[SourceTitle "EXT 2012"]
[Source "ChessBase"]
[SourceDate "2011.11.24"]
[SourceVersion "1"]
[SourceVersionDate "2011.11.24"]
[SourceQuality "1"]

1. e4 c6 2. d4 d5 3. exd5 cxd5 4. Nf3 Nf6 5. Bd3 Bg4 6. h3 Bxf3 7. Qxf3 e6 8. 0-0 Be7 9. c3 0-0 10. Bf4 Nc6 11. Nd2 a6 12. Qe2 Re8 13. Rfe1 Bd6 14. Be5 Be7 15. Bh2 Bd6 16. Be5 Be7 17. Nf3 Nxe5 18. Nxe5 Nd7 19. g3 Nxe5 20. dxe5 Bc5 21. Rad1 Qc7 22. Kg2 Red8 23. f4 g6 24. Qf3 Re8 25. g4 Rad8 26. h4 Be7 27. Rh1 f5 28. g5 Kg7 29. h5 Rh8 30. Rh2 Qc6 31. Rdh1 d4 32. Qxc6 bxc6 33. c4 c5 34. Kf3 Rb8 35. hxg6 hxg6 36. Rxh8 Rxh8 37. Rxh8 Kxh8 38. Bc2 Bd8 39. Ba4 Kg7 40. Bd7 Kf7 41. Bc8 Ba5 42. Ke2 Ke7 43. Bxa6 Kd7 44. Bb5+ Ke7 45. Bc6 Kd8 46. a3 Ke7 47. Kd3 Be1 48. Ke2 Ba5 49. Bb5 Kd8 50. Ba6 Ke7 51. Bb5 Kd8 52. Ba4 Ke7 53. Kd3 Be1 54. Bc6 Kd8 1/2-1/2

[Event "San Francisco TNM Max Wilkerson op"]
[Site "San Francisco"]
[Date "2009.09.01"]
[Round "5"]
[White "Anderson, Michael"]
[Black "Ramachandran, Jayakrishnan"]
[Result "0-1"]
[WhiteElo "1924"]
[BlackElo "1869"]
[PlyCount "32"]
[EventDate "2009.08.03"]
[EventType "swiss"]
[EventRounds "9"]
[EventCountry "USA"]
[SourceTitle "EXT 2012"]
[Source "ChessBase"]
[SourceDate "2011.11.24"]
[SourceVersion "1"]
[SourceVersionDate "2011.11.24"]
[SourceQuality "1"]

1. e4 e5 2. Nf3 Nc6 3. Bc4 Bc5 4. b4 Bxb4 5. c3 Bc5 6. d4 exd4 7. 0-0 Nge7 8. cxd4 Bb6 9. Ng5 d5 10. exd5 Na5 11. d6 Nxc4 12. dxe7 Qxd4 13. Nd2 Qxa1 14. Qa4+ Bd7 15. Qxc4 Qf6 16. Ndf3 Be6 0-1

[Event "San Francisco TNM Max Wilkerson op"]
[Site "San Francisco"]
[Date "2009.08.18"]
[Round "3"]
[White "MacIntyre, Brendan"]
[Black "Ramachandran, Jayakrishnan"]
[Result "0-1"]
[WhiteElo "1703"]
[BlackElo "1869"]
[PlyCount "54"]
[EventDate "2009.08.03"]
[EventType "swiss"]
[EventRounds "9"]
[EventCountry "USA"]
[SourceTitle "EXT 2012"]
[Source "ChessBase"]
[SourceDate "2011.11.24"]
[SourceVersion "1"]
[SourceVersionDate "2011.11.24"]
[SourceQuality "1"]

1. d4 Nf6 2. c4 e6 3. Nc3 d5 4. e3 Be7 5. Nf3 Nbd7 6. Bd3 0-0 7. Qc2 h6 8. 0-0 b6 9. cxd5 exd5 10. a3 Bb7 11. b4 a5 12. b5 Re8 13. Bb2 Bd6 14. Nd2 Qe7 15. h3 Ne4 16. Ndxe4 dxe4 17. Bc4 Nf6 18. Ne2 Rac8 19. Qd2 Nd5 20. Rfc1 Qg5 21. Rc2 Re6 22. f4 exf3 23. Nf4 Nxf4 24. Bxe6 Nxe6 25. Qe1 Be4 26. Rd2 Bg3 27. Rf2 Bxf2+ 0-1

[Event "San Francisco TNM Max Wilkerson op"]
[Site "San Francisco"]
[Date "2009.08.04"]
[Round "2"]
[White "Ramachandran, Jayakrishnan"]
[Black "Margulis, Igor"]
[Result "0-1"]
[WhiteElo "1869"]
[BlackElo "2115"]
[PlyCount "111"]
[EventDate "2009.08.03"]
[EventType "swiss"]
[EventRounds "9"]
[EventCountry "USA"]
[SourceTitle "EXT 2012"]
[Source "ChessBase"]
[SourceDate "2011.11.24"]
[SourceVersion "1"]
[SourceVersionDate "2011.11.24"]
[SourceQuality "1"]

1. e4 g6 2. Nf3 d6 3. d4 a6 4. Be2 Bg7 5. 0-0 Nd7 6. Be3 c5 7. c3 Qc7 8. Nbd2 e6 9. Rc1 Ne7 10. Qc2 0-0 11. Rfd1 b5 12. b4 Bb7 13. Nb3 cxb4 14. cxb4 Qxc2 15. Rxc2 Rac8 16. Rxc8 Rxc8 17. Bd3 Nb6 18. Na5 Ba8 19. Rc1 Rxc1+ 20. Bxc1 f6 21. Bf4 Nec8 22. Be3 Na4 23. Bc2 Nc3 24. Nd2 d5 25. Bb3 Nd6 26. exd5 Nxd5 27. a3 f5 28. Nf3 Kf7 29. Ng5+ Ke7 30. Nxh7 f4 31. Bc1 f3 32. gxf3 Nf5 33. Bc2 Bxd4 34. Nb3 Nc3 35. Bxf5 Ne2+ 36. Kf1 Nxc1 37. Nxd4 exf5 38. h4 Nd3 39. Ng5 Nf4 40. Nb3 Bd5 41. Nc5 Bc4+ 42. Kg1 Ne2+ 43. Kg2 Nd4 44. Nxa6 Nc2 45. Kg3 Nxa3 46. Kf4 Kf6 47. Nh7+ Kg7 48. Ng5 Kf6 49. Nh7+ Kg7 50. Ng5 Nc2 51. Ke5 Ne1 52. f4 Nd3+ 53. Kd6 Nxf2 54. Ne6+ Kh6 55. Nd4 Nd3 56. Nc7 0-1

[Event "San Francisco TNM Summer op"]
[Site "San Francisco"]
[Date "2009.05.26"]
[Round "1"]
[White "Ramachandran, Jayakrishnan"]
[Black "Toolis, Patrick"]
[Result "1-0"]
[WhiteElo "1822"]
[BlackElo "1247"]
[PlyCount "77"]
[EventDate "2009.05.26"]
[EventType "swiss"]
[EventRounds "8"]
[EventCountry "USA"]
[SourceTitle "EXT 2012"]
[Source "ChessBase"]
[SourceDate "2011.11.24"]
[SourceVersion "1"]
[SourceVersionDate "2011.11.24"]
[SourceQuality "1"]

1. e4 e5 2. Nf3 d6 3. Bc4 h6 4. d4 exd4 5. Nxd4 Nf6 6. Nc3 Be7 7. 0-0 0-0 8. h3 a6 9. a4 c5 10. Nf3 Bd7 11. Re1 Nc6 12. Bf4 Na5 13. Bf1 Qb6 14. Qd2 Qxb2 15. Reb1 Nb3 16. cxb3 Qxd2 17. Nxd2 Bc6 18. Re1 Nh5 19. Bh2 Rad8 20. Nc4 Nf6 21. Rad1 Ne8 22. Nd5 Bxd5 23. exd5 Bf6 24. Bd3 b5 25. axb5 axb5 26. Na5 b4 27. Bb5 Nc7 28. Bc6 Be5 29. Nb7 Ra8 30. Nxd6 Bxh2+ 31. Kxh2 Ra3 32. Re7 Rxb3 33. Rxc7 Ra3 34. Nb5 Ra2 35. d6 c4 36. d7 c3 37. d8Q Rxd8 38. Rxd8+ Kh7 39. Be4+ 1-0

[Event "San Francisco TNM Winter op"]
[Site "San Francisco"]
[Date "2009.02.24"]
[Round "8"]
[White "Askin, David"]
[Black "Ramachandran, Jayakrishnan"]
[Result "1-0"]
[WhiteElo "1714"]
[BlackElo "1811"]
[PlyCount "108"]
[EventDate "2009.01.06"]
[EventType "swiss"]
[EventRounds "8"]
[EventCountry "USA"]
[SourceTitle "EXT 2012"]
[Source "ChessBase"]
[SourceDate "2011.11.24"]
[SourceVersion "1"]
[SourceVersionDate "2011.11.24"]
[SourceQuality "1"]

1. e4 e5 2. Nf3 Nc6 3. Bb5 a6 4. Ba4 Nf6 5. 0-0 b5 6. Bb3 Be7 7. Re1 d6 8. c3 0-0 9. h3 Na5 10. Bc2 c5 11. d4 Qc7 12. Nbd2 Re8 13. Nf1 Bf8 14. Bg5 Nd7 15. Ne3 Nb6 16. Rc1 h6 17. Bh4 Nac4 18. Nxc4 Nxc4 19. b3 Na3 20. Bd3 c4 21. Bf1 Bb7 22. d5 Rec8 23. Qd2 a5 24. Qb2 Qc5 25. b4 axb4 26. cxb4 c3 27. Qb3 Qc7 28. Re3 c2 29. Nd2 f5 30. f3 f4 31. Rd3 Ra6 32. Qb2 Rca8 33. Rc3 Qd7 34. Bd3 g5 35. Bf2 Be7 36. Bxc2 Bd8 37. Bb3 h5 38. Nb1 Nxb1 39. Qxb1 g4 40. hxg4 hxg4 41. Kf1 g3 42. Bg1 Qh7 43. R1c2 Qh1 44. Rc7 R6a7 45. R2c6 Bxc6 46. Rxc6 Ra6 47. Qc2 Bb6 48. Rxb6 Rxb6 49. Qc7 Rab8 50. Qe7 R8b7 51. Qg5+ Kf7 52. Qf5+ Ke7 53. Qg5+ Kd7 54. Qg7+ Kc8 1-0

[Event "San Francisco TNM Winter op"]
[Site "San Francisco"]
[Date "2009.02.10"]
[Round "6"]
[White "Ramachandran, Jayakrishnan"]
[Black "Shipman, Walter"]
[Result "1/2-1/2"]
[WhiteElo "1811"]
[BlackElo "2235"]
[PlyCount "56"]
[EventDate "2009.01.06"]
[EventType "swiss"]
[EventRounds "8"]
[EventCountry "USA"]
[SourceTitle "EXT 2012"]
[Source "ChessBase"]
[SourceDate "2011.11.24"]
[SourceVersion "1"]
[SourceVersionDate "2011.11.24"]
[SourceQuality "1"]

1. e4 e5 2. Nf3 Nc6 3. Bc4 Bc5 4. c3 Nf6 5. d4 exd4 6. cxd4 Bb4+ 7. Bd2 Bxd2+ 8. Nbxd2 d5 9. exd5 Nxd5 10. Qb3 Nce7 11. 0-0 0-0 12. Rfe1 h6 13. Ne5 c6 14. a4 Qc7 15. Ne4 b6 16. Rac1 Qd8 17. Nxc6 Nxc6 18. Bxd5 Na5 19. Qg3 Bb7 20. Bxb7 Nxb7 21. Qc7 Na5 22. Red1 Nb3 23. Rc4 Qxc7 24. Rxc7 Rfe8 25. Ng3 Rad8 26. d5 Nc5 27. Rxa7 Ra8 28. Rxa8 Rxa8 1/2-1/2